000 00745nam a22002537a 4500
003 OSt
005 20260408075533.0
008 260408b |||||||| |||| 00| 0 eng d
020 _a9780716638056
040 _cHS LRC
050 _aDS 371.412
_b.F524pe 2018
100 _aFirme, Tom
_9131530
245 _aPersian gulf, Afghanistan and Iraq wars /
_cTom Firme
260 _aChicago, Illinois :
_bWorld Book,
_cc2018.
265 _aPES
300 _a128 pages :
_bcolor illustrations ;
_c24 cm.
365 _b2,250.00
440 _aHistory Summarized
_9131531
504 _aIncludes index.
650 _aAfghan war, 2001-2021
_9131623
650 _aIraq war, 2003-2011
_97052
650 _aPersian Gulf war, 1991
_992858
942 _2lcc
_cBK
999 _c94075
_d94075